| 000 | 00680nam a2200217 a 4500 | ||
|---|---|---|---|
| 001 | 000011134 | ||
| 005 | 20240412074223.0 | ||
| 008 | 091014s2004 dr 000 p spa d | ||
| 040 |
_aDO-SdBNP _bspa _cBNPHU |
||
| 082 |
_aRD861.44 _bP349m, 2004 |
||
| 100 | 1 |
_aPeña, José Alejandro _d1964- _97925 |
|
| 245 | 1 | 0 | _aMañana, el paraíso/. |
| 250 | _a2a ed. | ||
| 260 |
_aVirginia : _bEl salvaje refinado, _c2004. |
||
| 300 |
_a76 p. ; _c20 cm. |
||
| 500 | _aIncluye datos biográficos del autor en la contraportada | ||
| 590 | _aInventariado, 2018 / DG | ||
| 650 | 0 |
_aPoesía dominicana _966 |
|
| 650 | 0 |
_aLiteratura dominicana. _967 |
|
| 910 | _aValidado. Control de calidad MFF | ||
| 999 |
_c10859 _d10859 |
||